<?xml version="1.0" encoding="UTF-8"?><?xml-stylesheet type="text/xsl" href="static/style.xsl"?><OAI-PMH xmlns="http://www.openarchives.org/OAI/2.0/" xmlns:xsi="http://www.w3.org/2001/XMLSchema-instance" xsi:schemaLocation="http://www.openarchives.org/OAI/2.0/ http://www.openarchives.org/OAI/2.0/OAI-PMH.xsd"><responseDate>2026-04-29T04:10:17Z</responseDate><request verb="GetRecord" identifier="oai:repisalud.isciii.es:20.500.12105/15717" metadataPrefix="marc">https://repisalud.isciii.es/rest/oai/request</request><GetRecord><record><header><identifier>oai:repisalud.isciii.es:20.500.12105/15717</identifier><datestamp>2024-09-27T08:44:06Z</datestamp><setSpec>com_20.500.12105_19604</setSpec><setSpec>com_20.500.12105_2051</setSpec><setSpec>col_20.500.12105_19605</setSpec></header><metadata><record xmlns="http://www.loc.gov/MARC21/slim" xmlns:dcterms="http://purl.org/dc/terms/" xmlns:doc="http://www.lyncode.com/xoai" xmlns:xsi="http://www.w3.org/2001/XMLSchema-instance" xsi:schemaLocation="http://www.loc.gov/MARC21/slim http://www.loc.gov/standards/marcxml/schema/MARC21slim.xsd">
   <leader>00925njm 22002777a 4500</leader>
   <datafield ind2=" " ind1=" " tag="042">
      <subfield code="a">dc</subfield>
   </datafield>
   <datafield ind2=" " ind1=" " tag="720">
      <subfield code="a">Murugiah, Karthik</subfield>
      <subfield code="e">author</subfield>
   </datafield>
   <datafield ind2=" " ind1=" " tag="720">
      <subfield code="a">Chen, Lian</subfield>
      <subfield code="e">author</subfield>
   </datafield>
   <datafield ind2=" " ind1=" " tag="720">
      <subfield code="a">Dreyer, Rachel P</subfield>
      <subfield code="e">author</subfield>
   </datafield>
   <datafield ind2=" " ind1=" " tag="720">
      <subfield code="a">Bouras, Georgios</subfield>
      <subfield code="e">author</subfield>
   </datafield>
   <datafield ind2=" " ind1=" " tag="720">
      <subfield code="a">Safdar, Basmah</subfield>
      <subfield code="e">author</subfield>
   </datafield>
   <datafield ind2=" " ind1=" " tag="720">
      <subfield code="a">Khera, Rohan</subfield>
      <subfield code="e">author</subfield>
   </datafield>
   <datafield ind2=" " ind1=" " tag="720">
      <subfield code="a">Lu, Yuan</subfield>
      <subfield code="e">author</subfield>
   </datafield>
   <datafield ind2=" " ind1=" " tag="720">
      <subfield code="a">Spatz, Erica S</subfield>
      <subfield code="e">author</subfield>
   </datafield>
   <datafield ind2=" " ind1=" " tag="720">
      <subfield code="a">Ng, Vivian G</subfield>
      <subfield code="e">author</subfield>
   </datafield>
   <datafield ind2=" " ind1=" " tag="720">
      <subfield code="a">Gupta, Aakriti</subfield>
      <subfield code="e">author</subfield>
   </datafield>
   <datafield ind2=" " ind1=" " tag="720">
      <subfield code="a">Bueno, Hector</subfield>
      <subfield code="e">author</subfield>
   </datafield>
   <datafield ind2=" " ind1=" " tag="720">
      <subfield code="a">Tweet, Marysia S</subfield>
      <subfield code="e">author</subfield>
   </datafield>
   <datafield ind2=" " ind1=" " tag="720">
      <subfield code="a">Spertus, John A</subfield>
      <subfield code="e">author</subfield>
   </datafield>
   <datafield ind2=" " ind1=" " tag="720">
      <subfield code="a">Hayes, Sharonne N</subfield>
      <subfield code="e">author</subfield>
   </datafield>
   <datafield ind2=" " ind1=" " tag="720">
      <subfield code="a">Lansky, Alexandra</subfield>
      <subfield code="e">author</subfield>
   </datafield>
   <datafield ind2=" " ind1=" " tag="720">
      <subfield code="a">Krumholz, Harlan M</subfield>
      <subfield code="e">author</subfield>
   </datafield>
   <datafield ind2=" " ind1=" " tag="260">
      <subfield code="c">2022</subfield>
   </datafield>
   <datafield ind2=" " ind1=" " tag="520">
      <subfield code="a">Data on health status outcomes after spontaneous coronary artery dissection (SCAD) are limited.&#xd;
Using the Variation in Recovery: Role of Gender on Outcomes of Young AMI Patients (VIRGO) study we compared patients with SCAD and other acute myocardial infarction (AMI) at presentation (baseline), 1-month, and-12 months using standardized health status instruments. Among 3572 AMI patients ≤ 55 years, 67 had SCAD. SCAD patients were younger (median age (IQR) 45 (40.5-51) years vs. 48 (44-52) in other AMI, p = 0.003), more often female (92.5% vs. 66.6%), have college education (73.1% vs. 51.7%) and household income >$100,000 (43.3% vs. 17.7% (All p&lt;0.001). SCAD patients at baseline had higher mean ± SD Short Form-12 [SF-12] physical component scores [PCS] (48.7±10.2 vs. 43.8±12.1, p&lt;0.001) and mental component scores [MCS] (49.6±12.4 vs. 45.4±12.5, p = 0.008), and at 12-months [PCS (50.1±9.0 vs. 44.3±12.3, p&lt;0.001) and MCS (53±10.1 vs 50.2±11.0, p = 0.045)]. The Euro-Quality of Life Scale [EQ-5D] VAS and EQ-5D index scores were similar at baseline, but higher at 12-months for SCAD (EQ-5D VAS: 82.2±10.2 vs. 72.3±21.0, p&lt;0.001; EQ-5D index scores; 90.2±15.3 vs. 83.7±19.8, p = 0.012). SCAD patients had better baseline Seattle Angina Questionnaire [SAQ] physical limitation (88.8±20.1 vs. 81.2±25.4, p = 0.017). At 12-months SCAD patients had better physical limitation (98.0±8.5 vs. 91.4±18.8, p = 0.007), angina frequency (96.4±8.8 vs. 91.3±16.8, p = 0.018) and quality of life scores (80.7±14.7 vs 72.2±23.2, p = 0.005). Magnitude of change in health status from baseline to 12-months was not statistically different between the groups. After adjustment for time and comorbidities there remained no difference in most health status outcomes.&#xd;
SCAD patients fare marginally better than other AMI patients on most health status instruments and have similar 12-month health status recovery. Better pre-event health status suggests a need to modify exercise prescriptions and cardiac rehabilitation protocols to better assist this physically active population to recover.</subfield>
   </datafield>
   <datafield ind1="8" ind2=" " tag="024">
      <subfield code="a">PLoS One. 2022 Mar 23;17(3):e0265624</subfield>
   </datafield>
   <datafield ind1="8" ind2=" " tag="024">
      <subfield code="a">http://hdl.handle.net/20.500.12105/15717</subfield>
   </datafield>
   <datafield ind1="8" ind2=" " tag="024">
      <subfield code="a">35320296</subfield>
   </datafield>
   <datafield ind1="8" ind2=" " tag="024">
      <subfield code="a">10.1371/journal.pone.0265624</subfield>
   </datafield>
   <datafield ind1="8" ind2=" " tag="024">
      <subfield code="a">1932-6203</subfield>
   </datafield>
   <datafield ind1="8" ind2=" " tag="024">
      <subfield code="a">PloS one</subfield>
   </datafield>
   <datafield ind2="0" ind1="0" tag="245">
      <subfield code="a">Health status outcomes after spontaneous coronary artery dissection and comparison with other acute myocardial infarction: The VIRGO experience.</subfield>
   </datafield>
</record></metadata></record></GetRecord></OAI-PMH>